| 000 | 00681nam a2200217Ia 4500 | ||
|---|---|---|---|
| 005 | 20241129111214.0 | ||
| 008 | 241129s9999||||xx |||||||||||||| ||und|| | ||
| 020 | _a978-1-108-43708-0 | ||
| 037 | _aTB | ||
| 040 |
_aCRL _beng _cCRL |
||
| 041 |
_aeng _2eng |
||
| 084 |
_aR3xL11:g R1 _qCRL |
||
| 100 |
_aKroeker Esther Engels Ed.; Lemmens Willem Ed. _9723630 |
||
| 245 | 0 |
_aHume's: an enquiry concerning the principles of morals _cKroeker Esther Engels Ed.; Lemmens Willem Ed. |
|
| 260 |
_aCambridge, UK _bUniversity press _c2021 |
||
| 300 | _aviii,275p. | ||
| 365 |
_aUKP _b24.99 |
||
| 650 | _aPhilosophy | ||
| 942 |
_cTB _hR3xL11:g R1 |
||
| 999 |
_c1229374 _d1229374 |
||